00828nam a2200205Ia 4500008004100000020001500041041001200056082001600068100001700084245006900101250000800170260003800178300000800216650001400224700001700238942000700255999001500262952017300277952017200450221030s9999 xx 000 0 und d a0706995716 aEnglish a105.23bSha aK. K. Sharma 2aA Text Book of Physical Chemistrycby K. K. Sharma, L. K. Sharma a4th bVikas Pub. HouseaNew Delhic2004 a210 aChemistry aL. K. Sharma cBK c2099d2099 pBE 7629g210.00l0o105.23 Shar2024-06-13 00:00:00w2022-10-30yBK003Print4070aMIETLIBbMIETLIBcBL-Academic Block - C, FL-2, CUP-18, SH-1, R-1d2005-11-1610HBE pBE 7630g210.00l0o105.23 Shr2024-06-13 00:00:00w2022-10-30yBK003Print4070aMIETLIBbMIETLIBcBL-Academic Block - C, FL-2, CUP-18, SH-1, R-1d2005-11-1610HBE